00836nam a22002057a 4500999001900000005001700019010001500036020002600051035001300077037001300090100002400103245011100127260003100238270006800269300003000337500006800367650004400435942002700479952012400506 c100295d10029520181204150514.0 aENG-115258 a9789384082062c795.00 aEN-98790 bDBAD/PUB aDasgupta,Sabyasachi aIn defence of honour and justice :bsepoy rebellions in the nineteenth century /cby Sabyasachi Dasgupta aDelhi bPrimus Booksc2015 aVirat Bhawan, Mukherjee Nagar Commercial ComplexbDelhie110009 ax,143p. :bill.c24cm(Hb) a Includes bibliographical references (pages 125-132) and index. aMutiny zIndia xHistoryy19th century. 2ddccENmDASh954.0317 001040718NFICaDBADbBNd2016-06-14eDBAD/PUBg795.00l0o954.0317 DASpEN-98790r2016-06-14 00:00:00t1v795.00yEN